Score 0/12 Timer 03:00
0 Plays Today
Scrambled Word Unscrambled Word % Correct
GNWIWing
98.9%
OCOPCoop
98%
LITELTLittle
97.1%
TNUGGENugget
94.6%
CKTSOStock
90.4%
RURBEBRubber
85.4%
Common Word Shared by Above WordsCHICKEN
83.9%
TSARBEBreast
69.9%
DCAENDance
53.4%
RSOSEIETIRRotisserie
52.8%
AONEGROrange
31.5%
AEAPSMNRParmesan
16.1%

You're not logged in!

Compare scores with friends on all Sporcle quizzes.
OR
Log In

Sporcle TV

Today on Sporcle TV


Watch our educational content, quiz creation guides, and fun videos on Sporcle TV.

Show Comments

Extras

Top Quizzes Today


Score Distribution

Your Account Isn't Verified!

In order to create a playlist on Sporcle, you need to verify the email address you used during registration. Go to your Sporcle Settings to finish the process.

Report this User

Report this user for behavior that violates our Community Guidelines.

Details: